000
00313nam a2200145Ia 4500
100
_a
Raven/Francis H
250
_a
4
942
_c
BK
654
_a
Automatic
245
_a
Automatic control engineering
260
_b
McGraw Hill
_a
New York
_c
1987
082
_a
629.83
_b
RAV
300
_a
566
546
_a
ENGLISH
999
_c
20351
_d
20351